Plant symbiosis / (Record no. 72771)
[ view plain ]
| 000 -LEADER | |
|---|---|
| fixed length control field | 00881nam a2200289 a 4500 |
| 001 - CONTROL NUMBER | |
| control field | 72771 |
| 003 - CONTROL NUMBER IDENTIFIER | |
| rucl marc code | BD-RjUL |
| 005 - DATE AND TIME OF LATEST TRANSACTION | |
| control field | 20211209082316.0 |
| 008 - FIXED-LENGTH DATA ELEMENTS--GENERAL INFORMATION | |
| fixed length control field | 170523r19781969enka b 000 0 eng d |
| 020 ## - INTERNATIONAL STANDARD BOOK NUMBER | |
| International Standard Book Number | 0713122366 |
| International Standard Book Number | 0713122374 |
| 035 ## - SYSTEM CONTROL NUMBER | |
| System control number | (BD-RjUL)72989 |
| 040 ## - CATALOGING SOURCE | |
| Original cataloging agency | NLM |
| Transcribing agency | NLM |
| Language of cataloging | eng |
| Modifying agency | BD-RjUL |
| 041 ## - LANGUAGE CODE | |
| Language code of text/sound track or separate title | eng |
| 060 #0 - NATIONAL LIBRARY OF MEDICINE CALL NUMBER | |
| Classification number | W1 |
| Item number | IN534S no.16 1969 |
| 082 ## - DEWEY DECIMAL CLASSIFICATION NUMBER | |
| Edition number | 23 |
| Classification number | 577.85 |
| Author mark and year | SCP 1978 |
| 100 1# - MAIN ENTRY--PERSONAL NAME | |
| Personal name | Scott, G. D. |
| Fuller form of name | (George D.) |
| 9 (RLIN) | 215251 |
| 245 10 - TITLE STATEMENT | |
| Title | Plant symbiosis / |
| Statement of responsibility, etc. | by George D. Scott |
| 260 ## - PUBLICATION, DISTRIBUTION, ETC. (IMPRINT) | |
| Place of publication, distribution, etc. | London : |
| Name of publisher, distributor, etc. | Edward Arnold, |
| Date of publication, distribution, etc. | c1969 [reprinted 1978] |
| 300 ## - PHYSICAL DESCRIPTION | |
| Pagination | [iv], 58 p. : |
| Illustrations | ill. ; |
| Size | 23 cm |
| 490 1# - SERIES STATEMENT | |
| Series statement | Institute of Biology's studies in biology ; |
| Volume/sequential designation | no. 16 |
| 504 ## - BIBLIOGRAPHY, ETC. NOTE | |
| Bibliography, etc | Bibliography: pp. 57-58 |
| 650 #2 - SUBJECT ADDED ENTRY--TOPICAL TERM | |
| Topical term or geographic name as entry element | Symbiosis |
| 9 (RLIN) | 215252 |
| Topical term or geographic name as entry element | Plants |
| 9 (RLIN) | 167953 |
| 830 #0 - SERIES ADDED ENTRY--UNIFORM TITLE | |
| Uniform title | Institute of Biology's studies in biology ; |
| Volume number/sequential designation | no. 16 |
| 942 ## - ADDED ENTRY ELEMENTS (KOHA) | |
| Source of classification or shelving scheme | Dewey Decimal Classification |
| Koha item type | Books |
| Lost status | Source of classification or shelving scheme | Damaged status | Not for loan | Collection code | Permanent Location | Current Location | Shelving location | Date acquired | Source of acquisition | Cost, normal purchase price | Total Checkouts | Full call number | Date last seen | Copy number | Koha item type |
|---|---|---|---|---|---|---|---|---|---|---|---|---|---|---|---|
| Dewey Decimal Classification | Not For Loan | Non-fiction | Central Library, University of Rajshahi | Central Library, University of Rajshahi | Reading Room | 12/05/1983 | Heffers | 2.40 | 577.85 SCP 1978 | 23/05/2017 | C-1 | Books | |||
| Dewey Decimal Classification | Non-fiction | Central Library, University of Rajshahi | Central Library, University of Rajshahi | 03/03/1973 | Blackwell | 1.00 | 577.85 SCP 1969 | 23/05/2017 | C-2 | Books |